A Hotel President Budapest minőségének értékelése a vendégvisszajelzések alapján

Bibliográfiai részletek
Szerző: Bodó Alexandra
További közreműködők: Karakasné Morvay Dr Klára
Dokumentumtípus: Projektmunka
Kulcsszavak:Hotel President
Tripadvisor
Booking
Online Access:http://dolgozattar.uni-bge.hu/17288

MARC

LEADER 00000nnm a2200000 i 4500
001 dolg17288
005 20180925114854.0
008 180517suuuu hu o 000 hun d
040 |a BGE Dolgozattár Repozitórium  |b hun 
041 |a hu 
100 1 |a Bodó Alexandra 
245 1 2 |a A Hotel President Budapest minőségének értékelése a vendégvisszajelzések alapján  |c Bodó Alexandra  |h [elektronikus dokumentum] 
246 1 1 |a A Hotel President Budapest minőségének értékelése a vendégvisszajelzések alapján 
516 |a Project_work 
695 |a Hotel President 
695 |a Tripadvisor 
695 |a Booking 
700 1 |a Karakasné Morvay Dr Klára  |e ths 
856 4 0 |u http://dolgozattar.uni-bge.hu/17288/1/Bod%C3%B3%20Alexandra%20projektmunka.pdf  |z Dokumentum-elérés